[Event "XIX Najdorf Memorial 2019"]
[Site "Warsaw"]
[Date "2019.07.08"]
[Round "3.1"]
[White "Gukesh D"]
[Black "Miroshnichenko, Pavel"]
[Result "1/2-1/2"]
[WhiteElo "2520"]
[BlackElo "2300"]
[Annotator "ChessBase"]
[PlyCount "85"]
[EventDate "2019.07.06"]
[EventType "swiss"]
[EventCountry "POL"]
[SourceTitle "playchess.com"]
[Source "ChessBase"]
[SourceQuality "1"]
[TimeControl "40/5400+30:1800+30"]

1. c4 {[%emt 0:00:00]} Nf6 {[%emt 0:00:00]} 2. Nf3 {[%emt 0:02:41]} c5 {[%emt 0:00:27]} 3. g3 {[%emt 0:01:02]} Nc6 {[%emt 0:00:22]} 4. Bg2 {[%emt 0:00:06]} e5 {[%emt 0:01:22]} 5. Nc3 {[%emt 0:00:45]} d6 {[%emt 0:01:29]} 6. O-O {[%emt 0:01:21]} h6 {[%emt 0:01:46]} 7. e3 {[%emt 0:05:34]} Bg4 {[%emt 0:02:06]} 8. h3 {[%emt 0:02:10]} Be6 {[%emt 0:01:11]} 9. d4 {[%emt 0:09:19]} Bxc4 {[%emt 0:04:33]} 10. Re1 {[%emt 0:00:09]} Rb8 {[%emt 0:09:04]} 11. Qa4 {[%emt 0:18:23]} b5 {[%emt 0:03:05]} 12. Qd1 {[%emt 0:00:12]} e4 {[%emt 0:18:24]} 13. Nd2 {[%emt 0:01:25]} d5 {[%emt 0:01:19]} 14. f3 {[%emt 0:15:43]} Bd6 {[%emt 0:11:29]} 15. Nxc4 {[%emt 0:08:15]} bxc4 {[%emt 0:08:02]} 16. fxe4 {[%emt 0:00:33]} Bxg3 {[%emt 0:04:09]} 17. Re2 {[%emt 0:07:02]} O-O {[%emt 0:05:11]} 18. e5 {[%emt 0:05:55]} Ne4 {[%emt 0:00:43]} 19. Nxe4 {[%emt 0:00:28]} dxe4 {[%emt 0:00:07]} 20. Bxe4 {[%emt 0:00:07]} Rb6 {[%emt 0:03:24]} 21. Rg2 {[%emt 0:02:59]} Bxe5 {[%emt 0:06:47]} 22. Qf3 {[%emt 0:03:14]} cxd4 {[%emt 0:00:31]} 23. Bxc6 {[%emt 0:01:15]} Qh4 {[%emt 0:01:13]} 24. Bd2 {[%emt 0:03:26]} Rxb2 {[%emt 0:00:28]} 25. Be1 {[%emt 0:02:19]} Rxg2+ {[%emt 0:00:18]} 26. Qxg2 {[%emt 0:00:01]} Qf6 {[%emt 0:02:03]} 27. Rc1 {[%emt 0:00:39]} c3 {[%emt 0:02:48]} 28. exd4 {[%emt 0:00:32]} Bxd4+ {[%emt 0:00:05]} 29. Kh1 {[%emt 0:00:07]} Rc8 {[%emt 0:02:37]} 30. Bd5 {[%emt 0:01:40]} Qf4 {[%emt 0:06:15]} 31. Bd2 {[%emt 0:01:19]} Qf5 {[%emt 0:01:50]} 32. Bxh6 {[%emt 0:02:54]} Qh5 {[%emt 0:00:41]} 33. Bf4 {[%emt 0:00:49]} c2 {[%emt 0:00:24]} 34. Be4 {[%emt 0:01:25]} Rc3 {[%emt 0:00:53]} 35. Qd2 {[%emt 0:02:58]} Rxh3+ {[%emt 0:01:04]} 36. Bh2 {[%emt 0:00:38]} Qh4 {[%emt 0:01:08]} 37. Bf5 {[%emt 0:00:31]} Be3 {[%emt 0:00:26]} 38. Rxc2 {[%emt 0:00:26]} g6 {[%emt 0:00:39]} 39. Rc8+ {[%emt 0:00:36]} Kg7 {[%emt 0:00:33]} 40. Qc3+ {[%emt 0:00:00]} Bd4 {[%emt 0:00:00]} 41. Qxh3 {[%emt 0:05:49]} Qe1+ {[%emt 0:02:39]} 42. Kg2 {[%emt 0:00:13]} Qf2+ {[%emt 0:00:15]} 43. Kh1 {[%emt 0:00:06]} 1/2-1/2

[Event "XIX Najdorf Memorial 2019"]
[Site "Warsaw"]
[Date "2019.07.08"]
[Round "3.2"]
[White "Tomczak, Jacek"]
[Black "Harsha Bharathakoti"]
[Result "1/2-1/2"]
[WhiteElo "2623"]
[BlackElo "2486"]
[Annotator "RC"]
[PlyCount "169"]
[EventDate "2019.07.06"]
[EventType "swiss"]
[EventCountry "POL"]
[SourceTitle "playchess.com"]
[Source "ChessBase"]
[SourceQuality "1"]
[TimeControl "40/5400+30:1800+30"]

1. e4 {[%emt 0:00:00]} c5 {[%emt 0:01:03]} 2. Nf3 {[%emt 0:00:00]} Nc6 {[%emt 0:00:37]} 3. d4 {[%emt 0:00:43]} cxd4 {[%emt 0:00:05]} 4. Nxd4 {[%emt 0:00:04]} Nf6 {[%emt 0:00:05]} 5. Nc3 {[%emt 0:00:06]} d6 {[%emt 0:00:06]} 6. g3 {[%emt 0:06:56]} e5 {[%emt 0:01:27]} 7. Nde2 {[%emt 0:01:21]} Be7 {[%emt 0:03:10]} 8. Bg2 {[%emt 0:00:10]} O-O {[%emt 0:05:34]} 9. O-O {[%emt 0:00:34]} a6 {[%emt 0:00:08]} 10. h3 b5 {[%emt 0:06:57]} 11. a3 {[%emt 0:20:02]} Bb7 {[%emt 0:10:33]} 12. Be3 {[%emt 0:09:53]} Na5 {[%emt 0:07:53]} 13. b3 {[%emt 0:03:35]} Rc8 {[%emt 0:05:01]} 14. g4 {[%emt 0:11:18]} Qc7 {[%emt 0:12:03]} 15. Qd3 {[%emt 0:13:28]} Nd7 {[%emt 0:22:16]} 16. Bd2 {[%emt 0:03:16]} Nc5 {[%emt 0:00:34]} 17. Qg3 {[%emt 0:01:07]} Qd8 {[%emt 0:00:34]} 18. Nd5 {[%emt 0:12:59]} Nc6 {[%emt 0:02:00]} 19. Be3 {[%emt 0:08:15]} Bh4 {[%emt 0:02:10]} 20. Qh2 {[%emt 0:00:03]} Ne7 {[%emt 0:02:44]} 21. Rad1 {[%emt 0:02:44]} Bxd5 {[%emt 0:07:00]} 22. exd5 {[%emt 0:00:04]} Ng6 {[%emt 0:00:03]} 23. Kh1 {[%emt 0:02:24]} Bg5 {[%emt 0:02:33]} 24. Qg3 {[%emt 0:00:04]} Re8 {[%emt 0:02:17]} 25. Qf3 {[%emt 0:02:09]} Nh4 {[%emt 0:02:47]} 26. Qg3 {[%emt 0:00:04]} Ng6 {[%emt 0:02:12]} 27. Qf3 {[%emt 0:00:03]} Nh4 {[%emt 0:00:19]} 28. Qg3 {[%emt 0:00:19]} h6 {[%emt 0:00:01]} 29. Rd2 {[%emt 0:01:52]} Qf6 {[%emt 0:00:57]} 30. Bxg5 {[%emt 0:00:40]} hxg5 {[%emt 0:00:28]} 31. Qe3 {[%emt 0:00:22]} Ng6 {[%emt 0:00:58]} 32. Ng3 {[%emt 0:00:40]} Nf4 {[%emt 0:00:22]} 33. Rb1 {[%emt 0:00:30]} g6 {[%emt 0:00:51]} 34. Bf1 {[%emt 0:00:17]} Kg7 {[%emt 0:00:27]} 35. Kh2 {[%emt 0:00:22]} Rh8 {[%emt 0:00:43]} 36. b4 {[%emt 0:00:59]} Na4 {[%emt 0:00:21]} 37. Rb3 {[%emt 0:00:14]} Qe7 {[%emt 0:00:38]} 38. Ne2 {[%emt 0:00:34]} Rc7 {[%emt 0:00:32]} 39. Nxf4 {[%emt 0:00:47]} gxf4 {[%emt 0:00:13]} 40. Qe4 {[%emt 0:00:00]} Rhc8 {[%emt 0:00:00]} 41. c4 {[%emt 0:04:00]} bxc4 {[%emt 0:06:01]} 42. Rf3 {[%emt 0:00:08]} a5 {[%emt 0:11:16]} 43. bxa5 {[%emt 0:08:42]} Ra8 {[%emt 0:01:26]} 44. Bxc4 {[%emt 0:02:30]} Rxa5 {[%emt 0:00:55]} 45. Bf1 {[%emt 0:07:52]} Nc5 {[%emt 0:01:39]} 46. Qb4 {[%emt 0:00:30]} Ra4 {[%emt 0:00:56]} 47. Qb2 {[%emt 0:00:35]} Rb7 {[%emt 0:01:10]} 48. Qc2 {[%emt 0:00:47]} Qf6 {[%emt 0:05:36]} 49. Rc3 {[%emt 0:01:29]} Rba7 {[%emt 0:00:03]} 50. Rxc5 {[%emt 0:04:39]} dxc5 {[%emt 0:00:03]} 51. Qxc5 {[%emt 0:00:23]} Rxa3 {[%emt 0:03:35]} 52. Rb2 {[%emt 0:02:56]} R3a5 {[%emt 0:01:23]} 53. Qc8 {[%emt 0:00:39]} Ra8 {[%emt 0:00:52]} 54. Qc4 {[%emt 0:00:52]} Rd8 {[%emt 0:00:33]} 55. Rd2 {[%emt 0:00:20]} f3 {[%emt 0:01:02]} 56. Qe4 {[%emt 0:00:31]} Qd6 {[%emt 0:02:11]} 57. Bc4 {[%emt 0:01:03]} Ra4 {[%emt 0:00:02]} 58. Rc2 {[%emt 0:01:05]} Rc8 {[%emt 0:00:14]} 59. g5 {[%emt 0:00:30]} Qc7 {[%emt 0:00:38]} 60. Bd3 {[%emt 0:00:11]} Rxe4 {[%emt 0:00:46]} 61. Rxc7 {[%emt 0:00:03]} Rxc7 {[%emt 0:00:07]} 62. Bxe4 {[%emt 0:00:03]} Rc4 {[%emt 0:00:47]} 63. Bxf3 {[%emt 0:00:04]} Rd4 {[%emt 0:00:54]} 64. Kg3 {[%emt 0:00:06]} e4 {[%emt 0:00:35]} 65. Bg2 {[%emt 0:00:19]} Rxd5 {[%emt 0:00:13]} 66. h4 {[%emt 0:00:27]} Rd4 {[%emt 0:00:02]} 67. Kf4 e3+ {[%emt 0:00:03]} 68. Kxe3 {[%emt 0:01:24]} Rxh4 {[%emt 0:00:02]} 69. f4 {[%emt 0:00:15]} Kf8 {[%emt 0:00:20]} 70. Bd5 {[%emt 0:00:47]} Ke7 {[%emt 0:00:03]} 71. Bc4 {[%emt 0:00:47]} Rh3+ {[%emt 0:00:04]} 72. Ke4 {[%emt 0:00:33]} Ra3 {[%emt 0:00:12]} 73. Bd5 {[%emt 0:00:49]} Ra1 {[%emt 0:00:12]} 74. Bb3 {[%emt 0:01:07]} Re1+ {[%emt 0:00:11]} 75. Kd4 {[%emt 0:00:38]} Rb1 {[%emt 0:00:19]} 76. Bd5 {[%emt 0:00:33]} Ra1 {[%emt 0:01:05]} 77. Ke4 {[%emt 0:00:38]} Ra7 {[%emt 0:00:24]} 78. Ke5 {[%emt 0:00:34]} Ra4 {[%emt 0:00:04]} 79. Bb3 {[%emt 0:00:11]} Ra5+ {[%emt 0:00:05]} 80. Bd5 {[%emt 0:00:20]} Rb5 {[%emt 0:00:04]} 81. Kd4 {[%emt 0:00:45]} Ra5 {[%emt 0:00:47]} 82. Ke5 {[%emt 0:00:09]} Rc5 {[%emt 0:00:17]} 83. Kd4 {[%emt 0:00:12]} Rb5 {[%emt 0:00:03]} 84. Ke5 {[%emt 0:00:19]} Ra5 {[%emt 0:00:06]} 85. Kd4 {[%emt 0:00:15]} 1/2-1/2

[Event "XIX Najdorf Memorial 2019"]
[Site "Warsaw"]
[Date "2019.07.08"]
[Round "3.2"]
[White "Zylka, Stanislaw"]
[Black "Klekowski, Maciej"]
[Result "1-0"]
[WhiteElo "2308"]
[BlackElo "2482"]
[Annotator "ChessBase"]
[PlyCount "93"]
[EventDate "2019.07.06"]
[EventType "swiss"]
[EventCountry "POL"]
[SourceTitle "playchess.com"]
[Source "ChessBase"]
[SourceQuality "1"]
[TimeControl "40/5400+30:1800+30"]

1. e4 e5 2. Nf3 Nc6 3. Bb5 a6 4. Ba4 Nf6 5. O-O Be7 6. Re1 b5 7. Bb3 d6 8. a4 b4 9. a5 O-O 10. d3 Rb8 11. Nbd2 Be6 12. Nc4 Nd7 13. Be3 d5 14. Ba4 dxe4 15. Bxc6 exf3 16. Qxf3 Nc5 17. Nxe5 Bd6 18. d4 Nd7 19. Rad1 Qc8 20. Bf4 Nxe5 21. dxe5 Bg4 22. Qg3 Bxd1 23. Rxd1 Be7 24. Bh6 g6 25. Rd7 b3 26. c3 Rd8 27. e6 f6 28. h4 Rxd7 29. exd7 Qd8 30. Qe3 Bf8 31. Qe6+ Kh8 32. Bf4 Bd6 33. Bxd6 cxd6 34. Qxd6 Kg7 35. g4 Qf8 36. Qe6 Qc5 37. Bd5 Rf8 38. Bxb3 Qe5 39. Qxa6 Qe1+ 40. Kg2 Qe4+ 41. f3 Qe3 42. Qe6 Qd2+ 43. Kg3 Kh6 44. Qe7 Rh8 45. g5+ Kh5 46. gxf6 Kh6 47. Qe5 1-0

[Event "XIX Najdorf Memorial 2019"]
[Site "Warsaw"]
[Date "2019.07.08"]
[Round "3.3"]
[White "Jarmula, Lukasz"]
[Black "Bebel, Arkadiusz"]
[Result "0-1"]
[WhiteElo "2480"]
[BlackElo "2290"]
[Annotator "ChessBase"]
[PlyCount "94"]
[EventDate "2019.07.06"]
[EventType "swiss"]
[EventCountry "POL"]
[SourceTitle "playchess.com"]
[Source "ChessBase"]
[SourceQuality "1"]
[TimeControl "40/5400+30:1800+30"]

1. c4 {[%emt 0:00:00]} e5 {[%emt 0:00:00]} 2. Nc3 {[%emt 0:00:00]} Bb4 {[%emt 0:00:47]} 3. Nd5 {[%emt 0:00:00]} Be7 {[%emt 0:00:11]} 4. d4 {[%emt 0:00:40]} d6 {[%emt 0:02:55]} 5. e3 {[%emt 0:01:08]} Nf6 {[%emt 0:00:58]} 6. Nxe7 {[%emt 0:00:04]} Qxe7 {[%emt 0:00:07]} 7. Nf3 {[%emt 0:00:49]} O-O {[%emt 0:02:36]} 8. Be2 {[%emt 0:00:21]} Bg4 {[%emt 0:06:54]} 9. h3 {[%emt 0:04:04]} Bxf3 {[%emt 0:04:16]} 10. Bxf3 {[%emt 0:02:09]} e4 {[%emt 0:00:14]} 11. Be2 {[%emt 0:00:05]} c6 {[%emt 0:01:24]} 12. O-O {[%emt 0:03:22]} Re8 {[%emt 0:00:56]} 13. b4 {[%emt 0:03:36]} Nbd7 {[%emt 0:04:27]} 14. a4 {[%emt 0:05:41]} c5 {[%emt 0:11:34]} 15. bxc5 {[%emt 0:12:14]} dxc5 {[%emt 0:00:09]} 16. a5 {[%emt 0:00:18]} Rac8 {[%emt 0:04:55]} 17. Qb3 {[%emt 0:04:54]} b6 {[%emt 0:00:29]} 18. axb6 {[%emt 0:05:07]} axb6 {[%emt 0:00:06]} 19. Bb2 {[%emt 0:00:24]} Ra8 {[%emt 0:07:15]} 20. Qb5 {[%emt 0:07:42]} Qd6 {[%emt 0:02:37]} 21. d5 {[%emt 0:06:00]} h5 {[%emt 0:11:31]} 22. Rfb1 {[%emt 0:11:36]} Rxa1 {[%emt 0:04:08]} 23. Bxa1 {[%emt 0:00:30]} Rc8 {[%emt 0:08:08]} 24. Bxf6 {[%emt 0:02:01]} gxf6 {[%emt 0:00:08]} 25. Bxh5 {[%emt 0:00:27]} f5 {[%emt 0:01:50]} 26. Kh1 {[%emt 0:03:49]} Ne5 {[%emt 0:08:36]} 27. Be2 {[%emt 0:01:53]} Rb8 {[%emt 0:00:05]} 28. Qb2 {[%emt 0:02:50]} Ra8 {[%emt 0:02:24]} 29. f4 {[%emt 0:04:10]} exf3 {[%emt 0:00:32]} 30. gxf3 {[%emt 0:00:05]} Qe7 {[%emt 0:04:11]} 31. Rd1 {[%emt 0:02:39]} Ng6 {[%emt 0:01:04]} 32. Qd2 {[%emt 0:03:01]} Qh4 {[%emt 0:00:23]} 33. Bf1 {[%emt 0:00:12]} Rd8 {[%emt 0:01:21]} 34. f4 {[%emt 0:03:15]} Rd6 {[%emt 0:00:33]} 35. Qg2 {[%emt 0:01:13]} Qe7 {[%emt 0:00:22]} 36. Re1 {[%emt 0:01:28]} Kf8 {[%emt 0:00:01]} 37. Qg5 {[%emt 0:03:40]} Qe4+ {[%emt 0:01:14]} 38. Bg2 {[%emt 0:00:20]} Qd3 {[%emt 0:03:28]} 39. Kh2 {[%emt 0:03:38]} Qc3 {[%emt 0:00:15]} 40. Rf1 {[%emt 0:00:00]} Qxe3 {[%emt 0:00:00]} 41. Qxf5 {[%emt 0:01:25]} Qd4 {[%emt 0:11:44]} 42. Qe4 {[%emt 0:06:07]} Qf6 {[%emt 0:01:15]} 43. Qd3 {[%emt 0:06:38]} Nh4 {[%emt 0:02:57]} 44. Be4 {[%emt 0:01:58]} Qb2+ {[%emt 0:04:34]} 45. Kh1 {[%emt 0:02:27]} f5 {[%emt 0:01:53]} 46. Bf3 {[%emt 0:01:30]} Rg6 {[%emt 0:00:26]} 47. d6 {[%emt 0:00:57]} Rg3 {[%emt 0:00:29]} 0-1

[Event "XIX Najdorf Memorial 2019"]
[Site "Warsaw"]
[Date "2019.07.08"]
[Round "3.3"]
[White "Galperin, Platon"]
[Black "Dragun, Kamil"]
[Result "1/2-1/2"]
[WhiteElo "2445"]
[BlackElo "2604"]
[Annotator "RC"]
[PlyCount "33"]
[EventDate "2019.07.06"]
[EventType "swiss"]
[EventCountry "POL"]
[SourceTitle "playchess.com"]
[Source "ChessBase"]
[SourceQuality "1"]
[TimeControl "40/5400+30:1800+30"]

1. d4 {[%emt 0:00:00]} Nf6 {[%emt 0:00:00]} 2. c4 {[%emt 0:00:00]} g6 {[%emt 0:00:00]} 3. Nc3 {[%emt 0:00:00]} Bg7 {[%emt 0:00:00]} 4. e4 {[%emt 0:00:00]} d6 {[%emt 0:00:04]} 5. Nge2 {[%emt 0:00:00]} O-O {[%emt 0:01:36]} 6. Ng3 {[%emt 0:00:00]} a6 {[%emt 0:00:24]} 7. Be2 {[%emt 0:02:56]} c6 {[%emt 0:02:14]} 8. O-O {[%emt 0:00:03]} b5 {[%emt 0:01:54]} 9. Be3 {[%emt 0:00:14]} h5 {[%emt 0:06:14]} 10. f3 {[%emt 0:06:33]} e5 {[%emt 0:08:57]} 11. dxe5 {[%emt 0:25:21]} dxe5 {[%emt 0:00:24]} 12. Bc5 {[%emt 0:08:26]} Re8 {[%emt 0:01:37]} 13. Qxd8 {[%emt 0:00:56]} Rxd8 {[%emt 0:00:05]} 14. a4 {[%emt 0:01:04]} bxc4 {[%emt 0:04:30]} 15. Bxc4 {[%emt 0:03:51]} Nbd7 {[%emt 0:00:33]} 16. Rfd1 {[%emt 0:02:18]} a5 {[%emt 0:02:50]} 17. b4 {[%emt 0:05:52]} 1/2-1/2

[Event "XIX Najdorf Memorial 2019"]
[Site "Warsaw"]
[Date "2019.07.08"]
[Round "3.4"]
[White "Yuffa, Daniil"]
[Black "Gagare, Shardul"]
[Result "1/2-1/2"]
[WhiteElo "2582"]
[BlackElo "2476"]
[Annotator "ChessBase"]
[PlyCount "86"]
[EventDate "2019.07.06"]
[EventType "swiss"]
[EventCountry "POL"]
[SourceTitle "playchess.com"]
[Source "ChessBase"]
[SourceQuality "1"]
[TimeControl "40/5400+30:1800+30"]

1. e4 {[%emt 0:00:00]} e6 {[%emt 0:00:33]} 2. d4 {[%emt 0:00:00]} d5 {[%emt 0:00:05]} 3. Nc3 {[%emt 0:00:05]} Nf6 {[%emt 0:00:05]} 4. e5 {[%emt 0:00:06]} Nfd7 {[%emt 0:00:05]} 5. Nce2 {[%emt 0:00:07]} c5 {[%emt 0:00:23]} 6. c3 {[%emt 0:00:07]} Nc6 {[%emt 0:00:03]} 7. Nf3 {[%emt 0:00:11]} cxd4 {[%emt 0:24:12]} 8. cxd4 {[%emt 0:00:06]} f6 {[%emt 0:11:03]} 9. Nf4 {[%emt 0:10:43]} Bb4+ {[%emt 0:01:02]} 10. Bd2 {[%emt 0:00:22]} Qe7 {[%emt 0:00:42]} 11. exf6 {[%emt 0:01:30]} Nxf6 {[%emt 0:08:42]} 12. Bd3 {[%emt 0:20:38]} Ne4 {[%emt 0:16:12]} 13. Bxe4 {[%emt 0:04:43]} dxe4 {[%emt 0:00:07]} 14. Ne5 {[%emt 0:00:25]} O-O {[%emt 0:01:15]} 15. O-O {[%emt 0:06:50]} Nxe5 {[%emt 0:08:32]} 16. dxe5 {[%emt 0:00:09]} Bxd2 {[%emt 0:00:24]} 17. Qxd2 {[%emt 0:00:03]} Qg5 {[%emt 0:01:08]} 18. g3 {[%emt 0:00:07]} Qxe5 {[%emt 0:00:10]} 19. Rac1 {[%emt 0:12:15]} b6 {[%emt 0:11:06]} 20. Rfd1 {[%emt 0:10:52]} Ba6 {[%emt 0:09:30]} 21. h4 Rae8 {[%emt 0:02:57]} 22. Qe3 {[%emt 0:10:51]} Rf7 {[%emt 0:01:20]} 23. Rd4 {[%emt 0:03:02]} Bb7 {[%emt 0:00:06]} 24. Rcd1 {[%emt 0:00:44]} Qc7 {[%emt 0:01:44]} 25. Rd6 {[%emt 0:01:07]} Bd5 {[%emt 0:00:30]} 26. Nxd5 {[%emt 0:01:17]} exd5 {[%emt 0:00:05]} 27. R6xd5 {[%emt 0:09:09]} Rf3 {[%emt 0:00:05]} 28. Qe2 {[%emt 0:00:05]} Ref8 {[%emt 0:00:04]} 29. Kg2 {[%emt 0:01:46]} Rxf2+ {[%emt 0:01:26]} 30. Qxf2 {[%emt 0:00:07]} Rxf2+ {[%emt 0:00:04]} 31. Kxf2 {[%emt 0:00:02]} Qf7+ {[%emt 0:00:22]} 32. Kg2 {[%emt 0:03:54]} Qf3+ {[%emt 0:00:06]} 33. Kh3 {[%emt 0:00:35]} e3 {[%emt 0:01:40]} 34. Rd8+ {[%emt 0:00:14]} Kf7 {[%emt 0:00:04]} 35. R1d7+ {[%emt 0:01:24]} Ke6 {[%emt 0:00:02]} 36. Rxg7 {[%emt 0:01:40]} Qf1+ {[%emt 0:01:34]} 37. Kh2 {[%emt 0:00:05]} Qf2+ {[%emt 0:00:08]} 38. Kh3 {[%emt 0:00:27]} Qf5+ {[%emt 0:00:42]} 39. Kh2 {[%emt 0:00:28]} Qf2+ {[%emt 0:00:39]} 40. Kh3 {[%emt 0:00:00]} Qf5+ {[%emt 0:00:00]} 41. Kh2 {[%emt 0:01:09]} Qc2+ {[%emt 0:08:54]} 42. Kh3 {[%emt 0:00:44]} Qf5+ {[%emt 0:20:01]} 43. Kh2 Ke5 1/2-1/2

[Event "XIX Najdorf Memorial 2019"]
[Site "Warsaw"]
[Date "2019.07.08"]
[Round "3.4"]
[White "Barski, Radoslaw"]
[Black "Siekanski, Janusz"]
[Result "1/2-1/2"]
[WhiteElo "2468"]
[BlackElo "2270"]
[Annotator "ChessBase"]
[PlyCount "120"]
[EventDate "2019.07.06"]
[EventType "swiss"]
[EventCountry "POL"]
[SourceTitle "playchess.com"]
[Source "ChessBase"]
[SourceQuality "1"]
[TimeControl "40/5400+30:1800+30"]

1. e4 {[%emt 0:00:00]} c5 {[%emt 0:00:00]} 2. Nf3 {[%emt 0:00:00]} e6 {[%emt 0:00:00]} 3. d4 {[%emt 0:00:00]} cxd4 {[%emt 0:00:00]} 4. Nxd4 {[%emt 0:00:00]} Nf6 {[%emt 0:00:20]} 5. Nc3 {[%emt 0:00:03]} d6 {[%emt 0:00:05]} 6. Be3 {[%emt 0:00:12]} Be7 {[%emt 0:00:22]} 7. f4 {[%emt 0:00:13]} O-O {[%emt 0:00:22]} 8. Be2 {[%emt 0:00:19]} Nc6 {[%emt 0:00:44]} 9. Qd2 {[%emt 0:00:18]} a6 {[%emt 0:05:19]} 10. O-O-O {[%emt 0:01:24]} Bd7 {[%emt 0:10:37]} 11. g4 {[%emt 0:07:29]} Nxd4 {[%emt 0:06:53]} 12. Qxd4 {[%emt 0:07:48]} Bc6 {[%emt 0:01:09]} 13. g5 {[%emt 0:00:36]} Nd7 {[%emt 0:00:02]} 14. h4 {[%emt 0:01:40]} e5 {[%emt 0:12:17]} 15. Qd3 {[%emt 0:10:53]} exf4 {[%emt 0:01:09]} 16. Bxf4 {[%emt 0:00:04]} Ne5 {[%emt 0:03:12]} 17. Qg3 {[%emt 0:00:29]} Qc7 {[%emt 0:03:57]} 18. h5 {[%emt 0:08:21]} Rac8 {[%emt 0:01:25]} 19. Rd2 {[%emt 0:00:09]} b5 {[%emt 0:01:03]} 20. Kb1 {[%emt 0:12:45]} b4 {[%emt 0:02:04]} 21. Nd5 {[%emt 0:05:28]} Bxd5 {[%emt 0:00:28]} 22. exd5 {[%emt 0:00:12]} a5 {[%emt 0:16:11]} 23. Bxe5 {[%emt 0:05:59]} dxe5 {[%emt 0:00:08]} 24. g6 {[%emt 0:00:06]} Rcd8 {[%emt 0:12:32]} 25. Rg1 {[%emt 0:13:29]} fxg6 {[%emt 0:02:14]} 26. hxg6 {[%emt 0:00:34]} h6 {[%emt 0:03:22]} 27. Bg4 {[%emt 0:00:28]} Rf4 {[%emt 0:00:49]} 28. Be6+ {[%emt 0:01:53]} Kf8 {[%emt 0:01:08]} 29. Rdd1 {[%emt 0:06:57]} Bf6 {[%emt 0:02:10]} 30. Rgf1 {[%emt 0:05:35]} a4 {[%emt 0:01:02]} 31. Qd3 {[%emt 0:03:26]} Qd6 {[%emt 0:01:52]} 32. Rfe1 {[%emt 0:04:24]} a3 {[%emt 0:05:25]} 33. Bf7 {[%emt 0:00:35]} axb2 {[%emt 0:02:34]} 34. Re4 {[%emt 0:00:18]} b3 {[%emt 0:01:58]} 35. cxb3 {[%emt 0:00:39]} Qa3 {[%emt 0:01:55]} 36. Rxf4 {[%emt 0:01:02]} exf4 {[%emt 0:00:13]} 37. d6 {[%emt 0:00:03]} Ra8 {[%emt 0:02:03]} 38. b4 {[%emt 0:01:07]} Qxd3+ {[%emt 0:01:04]} 39. Rxd3 {[%emt 0:00:06]} Rc8 {[%emt 0:00:12]} 40. Rd1 {[%emt 0:00:00]} f3 {[%emt 0:00:00]} 41. d7 {[%emt 0:03:04]} Rc1+ {[%emt 0:03:43]} 42. Rxc1 {[%emt 0:01:05]} bxc1=Q+ {[%emt 0:02:44]} 43. Kxc1 {[%emt 0:00:02]} Ke7 {[%emt 0:01:06]} 44. Kd2 {[%emt 0:00:39]} Kxd7 {[%emt 0:00:26]} 45. Bd5 {[%emt 0:02:03]} f2 {[%emt 0:01:25]} 46. Bg2 {[%emt 0:00:05]} h5 {[%emt 0:12:03]} 47. a4 {[%emt 0:05:01]} h4 {[%emt 0:03:47]} 48. Kd3 {[%emt 0:03:55]} Ke6 {[%emt 0:00:32]} 49. a5 {[%emt 0:00:25]} Bd8 {[%emt 0:00:20]} 50. Ke4 {[%emt 0:01:45]} Kd6 {[%emt 0:02:42]} 51. Kd4 {[%emt 0:01:20]} Bf6+ {[%emt 0:02:16]} 52. Kd3 {[%emt 0:02:22]} Bd8 {[%emt 0:00:40]} 53. Kd4 {[%emt 0:12:31]} Bf6+ {[%emt 0:01:13]} 54. Kc4 {[%emt 0:00:01]} Bd8 {[%emt 0:00:13]} 55. Kd3 {[%emt 0:02:38]} Ke5 {[%emt 0:00:49]} 56. Ke2 {[%emt 0:01:11]} Kd4 {[%emt 0:00:28]} 57. a6 {[%emt 0:01:10]} Bb6 {[%emt 0:00:07]} 58. Kxf2 {[%emt 0:00:17]} Kc4+ {[%emt 0:00:13]} 59. Kf3 {[%emt 0:00:09]} Kxb4 {[%emt 0:00:21]} 60. Ke4 {[%emt 0:00:05]} Ka5 {[%emt 0:00:36]} 1/2-1/2

[Event "XIX Najdorf Memorial 2019"]
[Site "Warsaw"]
[Date "2019.07.08"]
[Round "3.5"]
[White "Romanishin, Oleg M"]
[Black "Fedorov, Alexei"]
[Result "1/2-1/2"]
[WhiteElo "2443"]
[BlackElo "2551"]
[Annotator "ChessBase"]
[PlyCount "35"]
[EventDate "2019.07.06"]
[EventType "swiss"]
[EventCountry "POL"]
[SourceTitle "playchess.com"]
[Source "ChessBase"]
[SourceQuality "1"]
[TimeControl "40/5400+30:1800+30"]

1. d4 {[%emt 0:00:00]} Nf6 {[%emt 0:00:00]} 2. Nf3 {[%emt 0:00:00]} g6 {[%emt 0:00:00]} 3. g3 {[%emt 0:00:00]} Bg7 {[%emt 0:00:00]} 4. Bg2 {[%emt 0:00:00]} O-O {[%emt 0:00:34]} 5. O-O {[%emt 0:00:00]} d6 {[%emt 0:00:04]} 6. c4 {[%emt 0:00:08]} Nc6 {[%emt 0:01:38]} 7. Nc3 {[%emt 0:00:08]} Bf5 {[%emt 0:02:00]} 8. Bd2 {[%emt 0:00:13]} Ne4 {[%emt 0:00:31]} 9. Be1 {[%emt 0:04:52]} e5 {[%emt 0:02:14]} 10. d5 {[%emt 0:09:49]} Nxc3 {[%emt 0:08:31]} 11. Bxc3 {[%emt 0:00:09]} Nb8 {[%emt 0:00:04]} 12. Rc1 {[%emt 0:05:04]} a5 {[%emt 0:04:13]} 13. Ne1 {[%emt 0:12:41]} b6 {[%emt 0:07:12]} 14. e4 {[%emt 0:02:19]} Bd7 {[%emt 0:00:43]} 15. f4 {[%emt 0:00:10]} Na6 {[%emt 0:05:56]} 16. Nd3 {[%emt 0:04:49]} Qe7 {[%emt 0:07:22]} 17. Qd2 {[%emt 0:01:36]} f6 {[%emt 0:06:30]} 18. Rf2 {[%emt 0:02:10]} 1/2-1/2